000 00376nam a2200145Ia 4500
008 211109s9999||||xx |||||||||||||| ||und||
082 _a822.33
_bVER-M
100 _aVerity, A W
245 0 _aMerchant of Venice
260 _bAt the University
_aLondon
_c1926
300 _a197p
630 _xGeneral Stack
650 _aEnglish Litertaure
_vEnglish Drama
_xEnglish
942 _cBOOK
999 _c214
_d214